00456nam a2200121Ia 45000010005000000080041000050820026000461000116000722450078001882600024002669010029002909990015003194474241024s9999 xx 000 0 und d aRD/371.26/R426in/2013 aRepública Dominicana. Ministerio de Educación. Dirección de Evaluación de la Calidad de la Educación. 0aInforme de resultados Pruebas Nacionales. Primera Convocatoria junio 2013 bSanto Domingoc2013 a17/10/2016 10:48:25 a.m. c8864d8864